Normal view MARC view
  • MURARKA, DR P.D

Entry Personal Name

Number of records used in: 1

001 - CONTROL NUMBER

  • control field: 8513

003 - CONTROL NUMBER IDENTIFIER

  • control field: JRU

005 - DATE AND TIME OF LATEST TRANSACTION

  • control field: 20240910111615.0

008 - FIXED-LENGTH DATA ELEMENTS

  • fixed length control field: 240910|| aca||aabn | a|a d

040 ## - CATALOGING SOURCE

  • Original cataloging agency: JRU
  • Transcribing agency: JRU

100 ## - HEADING--PERSONAL NAME

  • Personal name: MURARKA, DR P.D

670 ## - SOURCE DATA FOUND

  • Source citation: Work cat.: (JRU)60: MURARKA, DR P.D., INTERNET AND WEB PAGE DESIGN, 2000